MADRE DI DIO. N. I ANNO LXII GENNAIO 1994 MENSILE MARIANO. (Record n. 320531)
[ formato base ]
| 000 -LEADER | |
|---|---|
| fixed length control field | 01960nas a2200277Ia 4500 |
| 001 - CONTROL NUMBER | |
| control field | R235-R2456 |
| 003 - CONTROL NUMBER IDENTIFIER | |
| control field | IT-CnALBA |
| 008 - FIXED-LENGTH DATA ELEMENTS--GENERAL INFORMATION | |
| fixed length control field | 170116c99999999xx |||||||||||| ||und|| |
| 040 ## - CATALOGING SOURCE | |
| Original cataloging agency | IT-CnALBA |
| Transcribing agency | IT-CnALBA |
| 041 ## - LANGUAGE CODE | |
| Language code of text/sound track or separate title | ITALIANO |
| 999 ## - SYSTEM CONTROL NUMBERS (KOHA) | |
| Koha Dewey Subclass [OBSOLETE] | NO |
| 100 ## - MAIN ENTRY--PERSONAL NAME | |
| Personal name | FORNASARI D. EUGENIO, SSP. |
| 210 ## - ABBREVIATED TITLE | |
| Abbreviated title | MADRE DI DIO |
| 222 ## - KEY TITLE | |
| Key title | MADRE DI DIO |
| 245 #0 - TITLE STATEMENT | |
| Title | MADRE DI DIO. N. I ANNO LXII GENNAIO 1994 MENSILE MARIANO. |
| 250 ## - EDITION STATEMENT | |
| Edition statement | 1a ed. |
| 260 ## - PUBLICATION, DISTRIBUTION, ETC. (IMPRINT) | |
| Place of publication, distribution, etc. | CINISELLO BALSAMO (MI) |
| Name of publisher, distributor, etc. | EDIZIONI PAOLINE |
| Date of publication, distribution, etc. | 1994 |
| 300 ## - PHYSICAL DESCRIPTION | |
| Extent | 32 p. |
| 310 ## - CURRENT PUBLICATION FREQUENCY | |
| Current publication frequency | MENSILE |
| 362 ## - DATES OF PUBLICATION AND/OR SEQUENTIAL DESIGNATION | |
| Dates of publication and/or sequential designation | Fascicolo: 1 / Anno: 62 (1994) |
| 500 ## - GENERAL NOTE | |
| General note | INCONTRO MARIANO A LORETO. FRANCESCO CHIESA, PRETE DI MARIA. GIUSEPPE E MARIA, SPOSI MODELLO. DEVOZIONE MARIANA E RICERCA DI DIO. SGUARDO RIVOLTO A MARIA, VERSO IL SINODO DELLA VITA CONSACRATA. XXIX CONVEGNO RETTORI SANTUARI MARIANI. MARCUCCI D. RISVEGLIO MARIANO TRA I PROTESTANTI. SANTUARIO DI AGLONA, LETTONIA, RITORNO ALLA FEDE. MARIOLOGIA BREVE. LA FAMIGLIA CAMMINO D'AMORE, PROPOSTA PASTORALE DI LOURDES. ALANO DI LILLA, MARIA SPOSA E MADRE DEL VERBO. S. GREGORIO TAUMATURGO E MARIA. QUADRO DELLA MADONNA DI POMPEI. ANNA DE GUIGNE, UN ANGELO. FRATELLI E SORELLE DI GESÙ. |
| 501 ## - WITH NOTE | |
| With note | Società San Paolo EM - Piazza San Paolo, 14 - 12051 ALBA (CN) (non commercial uses only) ® Copyright 2017 |
| 520 ## - SUMMARY, ETC. | |
| Summary, etc. | INCONTRO MARIANO A LORETO. FRANCESCO CHIESA, PRETE DI MARIA. GIUSEPPE E MARIA, SPOSI MODELLO. DEVOZIONE MARIANA E RICERCA DI DIO. SGUARDO RIVOLTO A MARIA, VERSO IL SINODO DELLA VITA CONSACRATA. XXIX CONVEGNO RETTORI SANTUARI MARIANI. MARCUCCI D. RISVEGLIO MARIANO TRA I PROTESTANTI. SANTUARIO DI AGLONA, LETTONIA, RITORNO ALLA FEDE. MARIOLOGIA BREVE. LA FAMIGLIA CAMMINO D'AMORE, PROPOSTA PASTORALE DI LOURDES. ALANO DI LILLA, MARIA SPOSA E MADRE DEL VERBO. S. GREGORIO TAUMATURGO E MARIA. QUADRO DELLA MADONNA DI POMPEI. ANNA DE GUIGNE, UN ANGELO. FRATELLI E SORELLE DI GESÙ. |
| 650 ## - SUBJECT ADDED ENTRY--TOPICAL TERM | |
| Topical term or geographic name as entry element | ANGELI SANTI DEMONI |
| 942 ## - ADDED ENTRY ELEMENTS (KOHA) | |
| Koha item type | RIVISTA |
| 957 ## - | |
| -- | 1 |
| 999 ## - SYSTEM CONTROL NUMBERS (KOHA) | |
| -- | 1 |
| Withdrawn status | Lost status | Damaged status | Not for loan | Home library | Current library | Date acquired | Total Checkouts | Full call number | Date last seen | Price effective from | Koha item type | Public note |
|---|---|---|---|---|---|---|---|---|---|---|---|---|
| Buone Condizioni | Not For Loan | ALBA - Biblioteca | ALBA - Biblioteca | 16/01/2017 | R235-R2456 | 16/01/2017 | 16/01/2017 | RIVISTA | (data import: 16 gennaio 2017) - By Epidotti, Vaglietti. |